[Event "WinterChess masters GM/MI febrero 2013"]
[Site "Palma de Mallorca ESP"]
[Date "2013.02.21"]
[Round "6.2"]
[White "Rey, Fabrice"]
[Black "Fejzullahu, Afrim"]
[Result "0-1"]
[WhiteElo "2194"]
[BlackElo "2268"]
[PlyCount "68"]
[EventDate "2013.02.17"]
[EventType "tourn"]
[EventRounds "9"]
[EventCountry "ESP"]
[Source "lmi"]
[SourceDate "2013.02.17"]

1. d4 Nf6 2. c4 g6 3. Nc3 Bg7 4. e4 d6 5. Be2 O-O 6. Bg5 Nbd7 7. Qd2 c5 8. d5
a6 9. a4 Qa5 10. Ra3 Re8 11. Nf3 Qc7 12. O-O b6 13. h3 Bb7 14. Re1 e6 15. Raa1
e5 16. Nh2 h5 17. Nf1 Nh7 18. Be3 Qd8 19. Bd1 Rf8 20. Bc2 Bc8 21. a5 bxa5 22.
Ne2 Rb8 23. Ba4 Rb4 24. Qc2 Nb6 25. Nd2 Nxa4 26. Rxa4 Bd7 27. Ra2 f5 28. f4
fxe4 29. Nxe4 Bf5 30. Bd2 Rb7 31. Bxa5 Qh4 32. N2g3 Qxg3 33. fxe5 Bxe4 34. Qxe4
Bxe5 0-1

[Event "WinterChess masters GM/MI febrero 2013"]
[Site "Palma de Mallorca ESP"]
[Date "2013.02.21"]
[Round "6.3"]
[White "Barrenechea Bahamonde, Gustavo"]
[Black "Nicolas Zapata, Irene"]
[Result "1-0"]
[WhiteElo "2198"]
[BlackElo "2250"]
[PlyCount "91"]
[EventDate "2013.02.17"]
[EventType "tourn"]
[EventRounds "9"]
[EventCountry "ESP"]
[Source "lmi"]
[SourceDate "2013.02.17"]

1. e4 c5 2. c3 Nf6 3. e5 Nd5 4. d4 cxd4 5. Nf3 Nc6 6. Bc4 Nb6 7. Bb3 d5 8. exd6
Qxd6 9. Na3 a6 10. O-O e6 11. cxd4 Be7 12. Be3 O-O 13. Rc1 Rd8 14. Qe2 Bf6 15.
Rfd1 Nd5 16. Nc4 Qb8 17. Bg5 Nf4 18. Qe4 Bxg5 19. Nxg5 f5 20. Qe3 h6 21. Nf3
Nd5 22. Qe2 a5 23. Nce5 Nce7 24. Ba4 Qd6 25. a3 b6 26. Bb5 Nc7 27. Nc4 Qf4 28.
Nxb6 Rb8 29. Nxc8 Nxc8 30. Bc4 Qd6 31. Ne5 Ne7 32. Nd3 Nc6 33. d5 exd5 34. Ba2
Nd4 35. Qe3 Nce6 36. Nc5 f4 37. Qd2 Qe5 38. Nxe6 Ne2+ 39. Kf1 Rxb2 40. Qxa5 Re8
41. Qxd5 Qxd5 42. Bxd5 Nxc1 43. Nc7+ Kf8 44. Nxe8 Ne2 45. Nc7 Nc3 46. Rc1 1-0

[Event "WinterChess masters GM/MI febrero 2013"]
[Site "Palma de Mallorca ESP"]
[Date "2013.02.21"]
[Round "6.4"]
[White "Cantero, Antonio"]
[Black "Mladenov, Plamen"]
[Result "1/2-1/2"]
[WhiteElo "2255"]
[BlackElo "2421"]
[PlyCount "91"]
[EventDate "2013.02.17"]
[EventType "tourn"]
[EventRounds "9"]
[EventCountry "ESP"]
[Source "lmi"]
[SourceDate "2013.02.17"]

1. e4 c5 2. Nf3 d6 3. d4 cxd4 4. Nxd4 Nf6 5. Nc3 Nc6 6. g3 Bg4 7. f3 Bd7 8. Bg2
g6 9. Be3 Bg7 10. Qd2 Ne5 11. b3 Rc8 12. Rd1 Qa5 13. Nde2 Bh3 14. O-O Bxg2 15.
Kxg2 h5 16. h3 a6 17. Rf2 Nc6 18. Na4 Qxd2 19. Rxd2 Nd7 20. Nb6 Nxb6 21. Bxb6
Bh6 22. f4 f5 23. exf5 gxf5 24. h4 Kf7 25. c4 Bg7 26. Ng1 Bf6 27. Nf3 Rhf8 28.
Ng5+ Bxg5 29. hxg5 Rh8 30. Kh3 Rcg8 31. Rd5 Kg6 32. Re2 Rh7 33. Kh4 Nb4 34.
Rdd2 Nc6 35. a3 Nb8 36. Re6+ Kf7 37. Rde2 Nc6 38. b4 Ne5 39. R6xe5 dxe5 40.
Rxe5 Rc8 41. Rxf5+ Kg6 42. Re5 Rxc4 43. Re6+ Kf5 44. Re5+ Kg6 45. Re6+ Kf5 46.
Re5+ 1/2-1/2

[Event "WinterChess masters GM/MI febrero 2013"]
[Site "Palma de Mallorca ESP"]
[Date "2013.02.21"]
[Round "6.5"]
[White "Ermeni, Avni"]
[Black "Mascaro March, Pedro"]
[Result "0-1"]
[WhiteElo "2265"]
[BlackElo "2385"]
[PlyCount "58"]
[EventDate "2013.02.17"]
[EventType "tourn"]
[EventRounds "9"]
[EventCountry "ESP"]
[Source "lmi"]
[SourceDate "2013.02.17"]

1. d4 Nf6 2. Nf3 d5 3. c4 e6 4. Nc3 Be7 5. g4 c5 6. e3 Nc6 7. Bd3 dxc4 8. Bxc4
O-O 9. Rg1 a6 10. g5 Nd5 11. Bd3 g6 12. Ne4 cxd4 13. exd4 Qb6 14. Bc2 Rd8 15.
Bb3 e5 16. dxe5 Qb4+ 17. Ned2 Nf4 18. Bc4 b5 19. a3 Qc5 20. b4 Qb6 21. Be2 Nd4
22. Nxd4 Qxd4 23. Rb1 Qxe5 24. Rg3 Bf5 25. Rbb3 Bd3 26. Bb2 Qe6 27. Rgxd3 Nxd3+
28. Rxd3 Rxd3 29. Qc2 Rad8 0-1

[Event "WinterChess masters GM/MI febrero 2013"]
[Site "Palma de Mallorca ESP"]
[Date "2013.02.21"]
[Round "7.1"]
[White "Mascaro March, Pedro"]
[Black "Ivanov, Jordan"]
[Result "1/2-1/2"]
[WhiteElo "2385"]
[BlackElo "2354"]
[PlyCount "23"]
[EventDate "2013.02.17"]
[EventType "tourn"]
[EventRounds "9"]
[EventCountry "ESP"]
[Source "lmi"]
[SourceDate "2013.02.17"]

1. d4 Nf6 2. c4 e6 3. Nf3 Bb4+ 4. Bd2 Qe7 5. g3 O-O 6. Bg2 Bxd2+ 7. Nbxd2 Nc6
8. O-O d6 9. e4 e5 10. d5 Nd8 11. Ne1 b6 12. Nd3 1/2-1/2

[Event "WinterChess masters GM/MI febrero 2013"]
[Site "Palma de Mallorca ESP"]
[Date "2013.02.21"]
[Round "7.2"]
[White "Mladenov, Plamen"]
[Black "Ermeni, Avni"]
[Result "1-0"]
[WhiteElo "2421"]
[BlackElo "2265"]
[PlyCount "100"]
[EventDate "2013.02.17"]
[EventType "tourn"]
[EventRounds "9"]
[EventCountry "ESP"]
[Source "lmi"]
[SourceDate "2013.02.17"]

1. e4 e5 2. Nf3 Nc6 3. Bb5 a6 4. Bxc6 dxc6 5. O-O f6 6. d4 exd4 7. Nxd4 c5 8.
Ne2 Qxd1 9. Rxd1 Bd7 10. Nbc3 O-O-O 11. Be3 b6 12. Rd2 Re8 13. Rad1 Bc6 14. f3
Ne7 15. Nf4 Ng6 16. Nxg6 hxg6 17. Bf4 Be7 18. Nd5 Bxd5 19. Rxd5 Rd8 20. c4 Rxd5
21. Rxd5 Rd8 22. Rxd8+ Kxd8 23. Bd2 Kd7 24. f4 Ke6 25. Kf2 c6 26. Kf3 Bd6 27.
h4 Be7 28. g4 Bd6 29. Bc3 Bc7 30. f5+ gxf5 31. gxf5+ Kf7 32. Bd2 Be5 33. b3 Bd4
34. Bf4 Ke7 35. Bc7 b5 36. Kg4 Kf7 37. Bd6 Kg8 38. Kf4 Kh7 39. e5 fxe5+ 40.
Bxe5 bxc4 41. bxc4 Kh6 42. Ke4 Kh5 43. Bxd4 cxd4 44. Kxd4 Kxh4 45. Kc5 Kg4 46.
Kxc6 Kxf5 47. Kd6 g5 48. c5 g4 49. c6 g3 50. c7 g2 1-0

[Event "WinterChess masters GM/MI febrero 2013"]
[Site "Palma de Mallorca ESP"]
[Date "2013.02.21"]
[Round "7.3"]
[White "Nicolas Zapata, Irene"]
[Black "Cantero, Antonio"]
[Result "1-0"]
[WhiteElo "2250"]
[BlackElo "2255"]
[PlyCount "85"]
[EventDate "2013.02.17"]
[EventType "tourn"]
[EventRounds "9"]
[EventCountry "ESP"]
[Source "lmi"]
[SourceDate "2013.02.17"]

1. e4 e5 2. Nf3 Nc6 3. Bb5 a6 4. Ba4 Nf6 5. O-O Be7 6. d3 b5 7. Bb3 d6 8. a4
Na5 9. Ba2 b4 10. Nbd2 Be6 11. Bxe6 fxe6 12. Ng5 Qd7 13. Qf3 Nc6 14. c3 O-O 15.
Qh3 Nd8 16. d4 exd4 17. cxd4 h6 18. Ngf3 Qc6 19. Re1 Qc2 20. d5 e5 21. Nh4 Rf7
22. Nf5 Bf8 23. Qh4 c6 24. dxc6 Ne6 25. Qg3 Kh7 26. Qb3 Qxb3 27. Nxb3 g6 28.
Ng3 Rc7 29. Bd2 a5 30. Rac1 Nc5 31. Nxc5 dxc5 32. f4 Rxc6 33. Red1 c4 34. fxe5
Ng4 35. Be1 Nxe5 36. Bf2 Rac8 37. Ne2 Nd3 38. Rb1 Re6 39. Ng3 Bg7 40. Rd2 b3
41. Be3 Rb8 42. h4 h5 43. Kh2 1-0

[Event "WinterChess masters GM/MI febrero 2013"]
[Site "Palma de Mallorca ESP"]
[Date "2013.02.21"]
[Round "7.4"]
[White "Fejzullahu, Afrim"]
[Black "Barrenechea Bahamonde, Gustavo"]
[Result "1-0"]
[WhiteElo "2268"]
[BlackElo "2198"]
[PlyCount "67"]
[EventDate "2013.02.17"]
[EventType "tourn"]
[EventRounds "9"]
[EventCountry "ESP"]
[Source "lmi"]
[SourceDate "2013.02.17"]

1. e4 e5 2. Nf3 Nc6 3. Bb5 a6 4. Ba4 d6 5. O-O Bg4 6. h3 h5 7. c3 Qf6 8. d3
Nge7 9. Re1 Bd7 10. Nbd2 g5 11. Nh2 O-O-O 12. Ndf1 Qg6 13. d4 Bg7 14. d5 Nb8
15. Bxd7+ Nxd7 16. b4 f5 17. exf5 Nxf5 18. Ne3 e4 19. Bd2 Nxe3 20. Rxe3 Be5 21.
b5 axb5 22. g3 Nc5 23. Rb1 c6 24. c4 bxc4 25. dxc6 bxc6 26. Ra3 d5 27. Bb4 Qd6
28. Ra5 Bxg3 29. Bxc5 Bxf2+ 30. Bxf2 e3 31. Be1 Qf4 32. Qa4 Qd6 33. Ra7 c5 34.
Ra8+ 1-0

[Event "WinterChess masters GM/MI febrero 2013"]
[Site "Palma de Mallorca ESP"]
[Date "2013.02.21"]
[Round "7.5"]
[White "Seps, Monika"]
[Black "Rey, Fabrice"]
[Result "1/2-1/2"]
[WhiteElo "2241"]
[BlackElo "2194"]
[PlyCount "78"]
[EventDate "2013.02.17"]
[EventType "tourn"]
[EventRounds "9"]
[EventCountry "ESP"]
[Source "lmi"]
[SourceDate "2013.02.17"]

1. e4 c6 2. d4 d5 3. Nc3 dxe4 4. Nxe4 Bf5 5. Ng3 Bg6 6. Nh3 e6 7. Nf4 Bd6 8. c3
Qc7 9. Ngh5 Bxh5 10. Nxh5 g6 11. Ng3 Nd7 12. Qf3 O-O-O 13. Ne4 e5 14. Nxd6+
Qxd6 15. Be2 exd4 16. cxd4 Qxd4 17. O-O Ne7 18. Rd1 Qa4 19. Bf4 Nb6 20. Be5
Rhe8 21. Qxf7 Qe4 22. Qe6+ Nd7 23. Rxd7 Rxd7 24. Bg4 Qd5 25. Qxd5 Nxd5 26. f4
h5 27. Bxd7+ Kxd7 28. Kf2 Ke6 29. Kf3 Nb4 30. Ke4 Rd8 31. Bc3 Nd5 32. Be5 Nf6+
33. Bxf6 Kxf6 34. Ke3 Kf5 35. Rc1 Rd5 36. b4 c5 37. a3 cxb4 38. axb4 Kf6 39.
Rc5 Rd7 1/2-1/2

[Event "WinterChess masters GM/MI febrero 2013"]
[Site "Palma de Mallorca ESP"]
[Date "2013.02.22"]
[Round "8.1"]
[White "Ivanov, Jordan"]
[Black "Rey, Fabrice"]
[Result "1-0"]
[WhiteElo "2354"]
[BlackElo "2194"]
[PlyCount "53"]
[EventDate "2013.02.17"]
[EventType "tourn"]
[EventRounds "9"]
[EventCountry "ESP"]
[Source "lmi"]
[SourceDate "2013.02.17"]

1. d4 d5 2. c4 e6 3. Nc3 Bb4 4. e3 Nf6 5. a3 Bxc3+ 6. bxc3 O-O 7. Bd3 b6 8. Ne2
c5 9. O-O Ba6 10. cxd5 exd5 11. f3 Re8 12. Bxa6 Nxa6 13. Ng3 Qd7 14. Ra2 Rad8
15. Re2 Nb8 16. e4 dxe4 17. Bg5 exf3 18. Rxe8+ Rxe8 19. Bxf6 fxg2 20. Rf4 gxf6
21. Nh5 Kf8 22. Nxf6 Qd6 23. Qg4 Re1+ 24. Kxg2 Ke7 25. Qh4 Kd8 26. Qxe1 Qxf4
27. Qe8+ 1-0

[Event "WinterChess masters GM/MI febrero 2013"]
[Site "Palma de Mallorca ESP"]
[Date "2013.02.22"]
[Round "8.2"]
[White "Barrenechea Bahamonde, Gustavo"]
[Black "Seps, Monika"]
[Result "0-1"]
[WhiteElo "2198"]
[BlackElo "2241"]
[PlyCount "64"]
[EventDate "2013.02.17"]
[EventType "tourn"]
[EventRounds "9"]
[EventCountry "ESP"]
[Source "lmi"]
[SourceDate "2013.02.17"]

1. e4 e6 2. d4 d5 3. e5 c5 4. c3 Nc6 5. Nf3 Qb6 6. Bd3 Nh6 7. dxc5 Bxc5 8. O-O
Qc7 9. b4 Be7 10. Re1 Nf5 11. Bf4 O-O 12. g4 Nh6 13. Bxh6 gxh6 14. Qd2 Kg7 15.
b5 Nxe5 16. Rxe5 Bd6 17. Rh5 Bf4 18. Qc2 Bd7 19. Nd4 Kh8 20. Bxh7 f5 21. gxf5
Rg8+ 22. Bxg8 Rxg8+ 23. Kh1 Qe5 24. Na3 Qg7 25. f3 Be3 26. h3 Be8 27. f6 Qg3
28. Rxh6+ Bxh6 29. Qh2 Bh5 30. Rf1 Qh4 31. f7 Rg3 32. Rg1 Rxh3 0-1

[Event "WinterChess masters GM/MI febrero 2013"]
[Site "Palma de Mallorca ESP"]
[Date "2013.02.22"]
[Round "8.3"]
[White "Cantero, Antonio"]
[Black "Fejzullahu, Afrim"]
[Result "0-1"]
[WhiteElo "2255"]
[BlackElo "2268"]
[PlyCount "68"]
[EventDate "2013.02.17"]
[EventType "tourn"]
[EventRounds "9"]
[EventCountry "ESP"]
[Source "lmi"]
[SourceDate "2013.02.17"]

1. e4 c5 2. Nf3 d6 3. d4 cxd4 4. Nxd4 Nf6 5. Nc3 a6 6. g3 e5 7. Nde2 b5 8. Bg2
Bb7 9. O-O Be7 10. h3 O-O 11. g4 b4 12. Nd5 Nxd5 13. exd5 Nd7 14. Be3 Rc8 15.
a3 Qc7 16. c3 bxc3 17. Nxc3 Nb6 18. Rc1 Nc4 19. Na2 Qd7 20. Qb3 Nxe3 21. Qxe3
f5 22. Rxc8 Bxc8 23. gxf5 Qxf5 24. Nb4 Qg6 25. Nc6 Bh4 26. b4 Bf5 27. a4 Kh8
28. Qf3 Rf7 29. Qe3 Bd3 30. Ra1 Bxf2+ 31. Qxf2 Rxf2 32. Kxf2 e4 33. Re1 Qf5+
34. Ke3 Qg5+ 0-1

[Event "WinterChess masters GM/MI febrero 2013"]
[Site "Palma de Mallorca ESP"]
[Date "2013.02.22"]
[Round "8.4"]
[White "Ermeni, Avni"]
[Black "Nicolas Zapata, Irene"]
[Result "1-0"]
[WhiteElo "2265"]
[BlackElo "2250"]
[PlyCount "75"]
[EventDate "2013.02.17"]
[EventType "tourn"]
[EventRounds "9"]
[EventCountry "ESP"]
[Source "lmi"]
[SourceDate "2013.02.17"]

1. d4 Nf6 2. Nf3 e6 3. g3 d5 4. Bg2 Be7 5. c4 O-O 6. O-O dxc4 7. Qc2 b5 8. a4
b4 9. Qxc4 Ba6 10. Qc2 Nbd7 11. Rd1 b3 12. Qxb3 Bxe2 13. Re1 Rb8 14. Qc2 Ba6
15. Nc3 c5 16. Bf4 Rb4 17. Rad1 Qb6 18. d5 Rxb2 19. Qc1 c4 20. Nd4 Bc5 21. a5
Qb4 22. dxe6 fxe6 23. Rxe6 Bb7 24. Bxb7 Qxb7 25. Nce2 Bxd4 26. Nxd4 Nc5 27.
Rxf6 Rxf6 28. Qxc4+ Qf7 29. Qxc5 h6 30. Nf3 Qb3 31. Qd5+ Qxd5 32. Rxd5 Ra2 33.
h4 Ra6 34. Bd2 Rf6 35. Kg2 Ra3 36. Ne5 Re6 37. Be3 Rg6 38. h5 1-0

[Event "WinterChess masters GM/MI febrero 2013"]
[Site "Palma de Mallorca ESP"]
[Date "2013.02.22"]
[Round "8.5"]
[White "Mascaro March, Pedro"]
[Black "Mladenov, Plamen"]
[Result "1/2-1/2"]
[WhiteElo "2385"]
[BlackElo "2421"]
[PlyCount "21"]
[EventDate "2013.02.17"]
[EventType "tourn"]
[EventRounds "9"]
[EventCountry "ESP"]
[Source "lmi"]
[SourceDate "2013.02.17"]

1. d4 d5 2. c4 e6 3. Nc3 Nf6 4. Nf3 Be7 5. Bf4 O-O 6. e3 c6 7. Bd3 Nbd7 8. cxd5
exd5 9. O-O Re8 10. Rc1 Nf8 11. h3 1/2-1/2

[Event "WinterChess masters GM/MI febrero 2013"]
[Site "Palma de Mallorca ESP"]
[Date "2013.02.23"]
[Round "9.1"]
[White "Mladenov, Plamen"]
[Black "Ivanov, Jordan"]
[Result "1/2-1/2"]
[WhiteElo "2421"]
[BlackElo "2354"]
[PlyCount "26"]
[EventDate "2013.02.17"]
[EventType "tourn"]
[EventRounds "9"]
[EventCountry "ESP"]
[Source "lmi"]
[SourceDate "2013.02.17"]

1. d4 d5 2. Nc3 Nf6 3. Bg5 Nbd7 4. Nf3 g6 5. Qd3 Bg7 6. e4 dxe4 7. Nxe4 Nxe4 8.
Qxe4 Nf6 9. Bxf6 Bxf6 10. O-O-O c6 11. h4 Bf5 12. Qf4 Qd6 13. Qxd6 exd6 1/2-1/2

[Event "WinterChess masters GM/MI febrero 2013"]
[Site "Palma de Mallorca ESP"]
[Date "2013.02.23"]
[Round "9.2"]
[White "Nicolas Zapata, Irene"]
[Black "Mascaro March, Pedro"]
[Result "1-0"]
[WhiteElo "2250"]
[BlackElo "2385"]
[PlyCount "95"]
[EventDate "2013.02.17"]
[EventType "tourn"]
[EventRounds "9"]
[EventCountry "ESP"]
[Source "lmi"]
[SourceDate "2013.02.17"]

1. d4 d5 2. Nf3 Nf6 3. c4 e6 4. e3 Be7 5. b3 O-O 6. Bb2 b6 7. Bd3 Bb7 8. O-O
Nbd7 9. Nc3 c5 10. cxd5 exd5 11. Rc1 Rc8 12. Qe2 Bd6 13. Rfd1 Qe7 14. Ba6 Bxa6
15. Qxa6 Nb8 16. Qd3 c4 17. Qf5 Rfd8 18. bxc4 Rxc4 19. Ne5 Rc7 20. Nb5 Rxc1 21.
Rxc1 a6 22. Nxd6 Qxd6 23. Rc8 g6 24. Qc2 Rxc8 25. Qxc8+ Kg7 26. Qb7 Nbd7 27.
Qxa6 Qb4 28. Qe2 Qa4 29. Bc3 Ne4 30. Be1 Nxe5 31. dxe5 Qa3 32. f3 Nc5 33. Bh4
Nd7 34. f4 Qc1+ 35. Qe1 Qc2 36. Qa1 Kg8 37. a4 Nc5 38. a5 bxa5 39. Qxa5 Qc1+
40. Qe1 Qc2 41. h3 Qe4 42. Qc3 Qc4 43. Qa5 Ne4 44. Qd8+ Kg7 45. Bf6+ Nxf6 46.
exf6+ Kh6 47. Qg8 Qc1+ 48. Kh2 1-0

[Event "WinterChess masters GM/MI febrero 2013"]
[Site "Palma de Mallorca ESP"]
[Date "2013.02.23"]
[Round "9.3"]
[White "Fejzullahu, Afrim"]
[Black "Ermeni, Avni"]
[Result "1-0"]
[WhiteElo "2268"]
[BlackElo "2265"]
[PlyCount "61"]
[EventDate "2013.02.17"]
[EventType "tourn"]
[EventRounds "9"]
[EventCountry "ESP"]
[Source "lmi"]
[SourceDate "2013.02.17"]

1. e4 c5 2. Nf3 d6 3. d4 cxd4 4. Nxd4 Nf6 5. Nc3 a6 6. f3 e5 7. Nb3 Be7 8. Be3
O-O 9. Qd2 Be6 10. O-O-O Qc7 11. g4 Nbd7 12. g5 Nh5 13. Nd5 Bxd5 14. Qxd5 b5
15. Kb1 Nf4 16. Bxf4 exf4 17. Qf5 Rfc8 18. Nd4 Nc5 19. Bh3 Ne6 20. Nxe6 Qxc2+
21. Ka1 fxe6 22. Qxe6+ Kf8 23. Qf5+ Ke8 24. Qxh7 Rc5 25. Qg8+ Bf8 26. Qe6+ Be7
27. Qg6+ Kd8 28. Rxd6+ Bxd6 29. Qxd6+ Ke8 30. Bd7+ Kf7 31. Be6+ 1-0

[Event "WinterChess masters GM/MI febrero 2013"]
[Site "Palma de Mallorca ESP"]
[Date "2013.02.23"]
[Round "9.4"]
[White "Seps, Monika"]
[Black "Cantero, Antonio"]
[Result "1/2-1/2"]
[WhiteElo "2241"]
[BlackElo "2255"]
[PlyCount "117"]
[EventDate "2013.02.17"]
[EventType "tourn"]
[EventRounds "9"]
[EventCountry "ESP"]
[Source "lmi"]
[SourceDate "2013.02.17"]

1. Nf3 Nf6 2. g3 d5 3. Bg2 e6 4. O-O Be7 5. d4 O-O 6. c4 dxc4 7. Qc2 a6 8. a4
Nc6 9. Qxc4 Qd5 10. Nbd2 Rd8 11. e3 Qxc4 12. Nxc4 a5 13. Bd2 Ne4 14. Rfd1 Nxd2
15. Rxd2 Nb4 16. Ne1 f6 17. Rad1 Ra7 18. Nd3 c6 19. Nb6 Nxd3 20. Rxd3 Ra6 21.
Nxc8 Rxc8 22. e4 Rd8 23. Rb3 b5 24. axb5 Rb6 25. Rc3 cxb5 26. d5 a4 27. Rdc1 b4
28. Rc7 Bd6 29. R7c6 Rxc6 30. Rxc6 b3 31. Bf1 exd5 32. exd5 Be5 33. Ra6 Bxb2
34. Rxa4 Be5 35. Rb4 b2 36. Bc4 Kf8 37. Kf1 Rc8 38. Bd3 g6 39. Rb7 Rb8 40.
Rxb8+ Bxb8 41. h4 Ke7 42. h5 gxh5 43. Bxh7 Kd6 44. Ke2 Kxd5 45. Kd2 Ba7 46. Ke2
Kc4 47. f3 Kc3 48. Be4 Bb8 49. f4 Ba7 50. Bf5 Bg1 51. Kf1 Be3 52. Ke2 Bc1 53.
Bb1 Kd4 54. Kf3 Bd2 55. Bf5 Bb4 56. Bg6 Kc3 57. Ke2 Kb3 58. Bb1 Kc3 59. Bf5
1/2-1/2

[Event "WinterChess masters GM/MI febrero 2013"]
[Site "Palma de Mallorca ESP"]
[Date "2013.02.23"]
[Round "9.5"]
[White "Rey, Fabrice"]
[Black "Barrenechea Bahamonde, Gustavo"]
[Result "1/2-1/2"]
[WhiteElo "2194"]
[BlackElo "2198"]
[PlyCount "24"]
[EventDate "2013.02.17"]
[EventType "tourn"]
[EventRounds "9"]
[EventCountry "ESP"]
[Source "lmi"]
[SourceDate "2013.02.17"]

1. d4 c5 2. d5 Nf6 3. c4 a6 4. a4 e5 5. Nc3 d6 6. e4 Be7 7. g3 O-O 8. Bg2 Ne8
9. Nge2 g6 10. O-O Ng7 11. Be3 Nd7 12. Qd2 Kh8 1/2-1/2